Swiss Railway Zurich S-Bahn Stops #1 - Statistics

General Stats
  • This quiz has been taken 239 times
  • The average score is 27 of 59
Answer Stats
S-Bahn Zürich % Correct
Zürich HB
97%
Zürich HB
97%
Zürich HB
97%
Zürich HB
97%
Zürich Hardbrücke
73%
Zürich Hardbrücke
73%
Zürich Oerlikon
69%
Zürich Stadelhofen
69%
Zürich Stadelhofen
69%
Pfäffikon SZ
66%
Pfäffikon SZ
66%
Pfäffikon ZH
66%
Uster
61%
Zürich Flughafen
61%
Rapperswil
60%
Wetzikon ZH
59%
Zürich Enge
59%
Thalwil
58%
Wädenswil
57%
Zürich Altstetten
56%
Zürich Wiedikon
55%
Horgen
54%
Zug
54%
Ziegelbrücke
49%
Zürich Selnau
49%
Adliswil
46%
Stettbach
46%
Affoltern am Albis
43%
Jona
41%
Zürich Saalsporthalle
41%
Langnau-Gattikon
40%
Richterswil
40%
Effretikon
39%
Bubikon
37%
Rüti ZH
37%
Urdorf
36%
Lachen SZ
35%
Sihlwald
35%
Zürich Giesshübel
35%
Zürich Brunau
34%
Dietlikon
32%
Illnau
29%
Siebnen-Wangen
29%
Sood-Oberleimbach
28%
Steinhausen
28%
Zürich Leimbach
28%
Zürich Manegg
26%
Steinhausen Rigiblick
24%
Urdorf Weihermatt
23%
Altendorf
20%
Bonstetten-Wettswil
20%
Fehraltorf
20%
Knonau
20%
Mettmenstetten
20%
Kempten
19%
Wildpark-Höfli
19%
Hedingen
18%
Sihlau
18%
Wetzikon ZH
17%
No matching quizzes found
Score Distribution
Percent of People with Each Score
Percentile by Number Answered
Your Score History
You have not taken this quiz